Hawaii Islands - Statistics

General Stats
  • This quiz has been taken 15 times
  • The average score is 6 of 8
Answer Stats
Hint Answer % Correct
. Hawaii
100%
. Maui
93%
. Oahu
86%
. Kauai
79%
. Lanai
71%
. Molokai
71%
. Kahoolawe
57%
. Niihau
57%
No matching quizzes found
Score Distribution
Percent of People with Each Score
Percentile by Number Answered
Your Score History
You have not taken this quiz